<?xml version="1.0" encoding="UTF-8"?>
<record
    xmlns:xsi="http://www.w3.org/2001/XMLSchema-instance"
    xsi:schemaLocation="http://www.loc.gov/MARC21/slim http://www.loc.gov/standards/marcxml/schema/MARC21slim.xsd"
    xmlns="http://www.loc.gov/MARC21/slim">

  <leader>01224nam a2200289 a 4500</leader>
  <controlfield tag="001">000003612</controlfield>
  <controlfield tag="005">20200929150512.0</controlfield>
  <controlfield tag="008">090711s1995    xxuad         001 0 spa d</controlfield>
  <datafield tag="020" ind1=" " ind2=" ">
    <subfield code="a">0201653567</subfield>
  </datafield>
  <datafield tag="040" ind1=" " ind2=" ">
    <subfield code="a">DO-SdBNP</subfield>
    <subfield code="b">spa</subfield>
    <subfield code="c">BNPHU</subfield>
  </datafield>
  <datafield tag="082" ind1=" " ind2=" ">
    <subfield code="a">005.75</subfield>
    <subfield code="b">B544s</subfield>
  </datafield>
  <datafield tag="100" ind1="1" ind2=" ">
    <subfield code="a">Bertino, Elisa</subfield>
    <subfield code="l">espa&#xF1;ol</subfield>
    <subfield code="9">11112</subfield>
  </datafield>
  <datafield tag="240" ind1="1" ind2="0">
    <subfield code="a">Object-oriented database systems : concepts and architectures</subfield>
  </datafield>
  <datafield tag="245" ind1="1" ind2="0">
    <subfield code="a">Sistemas de bases de datos orientadas a objetos :</subfield>
    <subfield code="b">conceptos y arquitecturas /</subfield>
    <subfield code="c">Elisa Bertino, Lorenzo Martino ; versi&#xF3;n en espa&#xF1;ol Miguel Katrib Mora, Luis Joyanes Aguilar ; con la colaboraci&#xF3;n de V&#xED;ctor Mart&#xED;n Garc&#xED;a.</subfield>
  </datafield>
  <datafield tag="260" ind1=" " ind2=" ">
    <subfield code="a">Wilmington :</subfield>
    <subfield code="b">Addison-Wesley Iberoamericana ;</subfield>
    <subfield code="b">D&#xED;az de Santos,</subfield>
    <subfield code="c">1995.</subfield>
  </datafield>
  <datafield tag="300" ind1=" " ind2=" ">
    <subfield code="a">278 p.</subfield>
  </datafield>
  <datafield tag="500" ind1=" " ind2=" ">
    <subfield code="a">Incluye &#xED;ndice general y anal&#xED;tico</subfield>
  </datafield>
  <datafield tag="500" ind1=" " ind2=" ">
    <subfield code="a">Incluye vocabulario t&#xE9;cnico biling&#xFC;e</subfield>
  </datafield>
  <datafield tag="504" ind1=" " ind2=" ">
    <subfield code="a">Bibliograf&#xED;a : p. 259-267</subfield>
  </datafield>
  <datafield tag="650" ind1=" " ind2="4">
    <subfield code="a">Bases de datos orientadas a objetos</subfield>
    <subfield code="9">11113</subfield>
  </datafield>
  <datafield tag="650" ind1=" " ind2="4">
    <subfield code="a">M&#xE9;todos orientados a objetos (computadores)</subfield>
    <subfield code="9">96</subfield>
  </datafield>
  <datafield tag="700" ind1="1" ind2="2">
    <subfield code="a">Katrib Mora, Miguel</subfield>
    <subfield code="e">tr.</subfield>
    <subfield code="9">6124</subfield>
  </datafield>
  <datafield tag="700" ind1="1" ind2="2">
    <subfield code="a">Joyanes Aguilar, Luis</subfield>
    <subfield code="e">tr.</subfield>
    <subfield code="9">6125</subfield>
  </datafield>
  <datafield tag="700" ind1="1" ind2="2">
    <subfield code="a">Garc&#xED;a, V&#xED;ctor Mart&#xED;n</subfield>
    <subfield code="e">col.</subfield>
    <subfield code="9">11114</subfield>
  </datafield>
  <datafield tag="910" ind1=" " ind2=" ">
    <subfield code="a">Validado. Control de calidad MFF</subfield>
  </datafield>
  <datafield tag="049" ind1=" " ind2=" ">
    <subfield code="a">BNGR</subfield>
  </datafield>
  <datafield tag="952" ind1=" " ind2=" ">
    <subfield code="0">0</subfield>
    <subfield code="1">0</subfield>
    <subfield code="5">4</subfield>
    <subfield code="7">0</subfield>
    <subfield code="8">MO</subfield>
    <subfield code="a">GR</subfield>
    <subfield code="b">GR</subfield>
    <subfield code="c">HD</subfield>
    <subfield code="d">2009-07-11</subfield>
    <subfield code="e">002344</subfield>
    <subfield code="i">LF1</subfield>
    <subfield code="l">0</subfield>
    <subfield code="o">005.75 B544s</subfield>
    <subfield code="p">3612-10</subfield>
    <subfield code="r">2020-06-25</subfield>
    <subfield code="w">2020-06-25</subfield>
    <subfield code="y">4</subfield>
    <subfield code="Z">Pr&#xE9;stamo en sala</subfield>
  </datafield>
  <datafield tag="999" ind1=" " ind2=" ">
    <subfield code="c">3436</subfield>
    <subfield code="d">3436</subfield>
  </datafield>
</record>
